The gendered society reader / (Record no. 9464)

MARC details
000 -LEADER
fixed length control field 01464cam a2200421 a 4500
001 - CONTROL NUMBER
control field 14954317
003 - CONTROL NUMBER IDENTIFIER
control field OSt
005 - DATE AND TIME OF LATEST TRANSACTION
control field 20260430141153.0
008 - FIXED-LENGTH DATA ELEMENTS--GENERAL INFORMATION
fixed length control field 070806s2008 nyua b 000 0 eng
010 ## - LIBRARY OF CONGRESS CONTROL NUMBER
LC control number 2007031396
020 ## - INTERNATIONAL STANDARD BOOK NUMBER
International Standard Book Number 9780195337167
Qualifying information pbk. : alk. paper
035 ## - SYSTEM CONTROL NUMBER
System control number 14954317
040 ## - CATALOGING SOURCE
Original cataloging agency DLC
Transcribing agency DLC
Modifying agency DLC
050 00 - LIBRARY OF CONGRESS CALL NUMBER
Classification number HQ1075
Item number .G4672 2008
082 00 - DEWEY DECIMAL CLASSIFICATION NUMBER
Classification number 305.3 GEN
Edition number 22
245 04 - TITLE STATEMENT
Title The gendered society reader /
Statement of responsibility, etc. edited by Michael S. Kimmel, Amy Aronson.
250 ## - EDITION STATEMENT
Edition statement 3rd ed.
260 ## - PUBLICATION, DISTRIBUTION, ETC. (IMPRINT)
Place of publication, distribution, etc. New York :
Name of publisher, distributor, etc. Oxford University Press,
Date of publication, distribution, etc. 2008.
300 ## - PHYSICAL DESCRIPTION
Extent ix, 606 p. :
Other physical details ill. ;
Dimensions 24 cm.
336 ## - CONTENT TYPE
Content type term text
Content type code txt
Source rdacontent
337 ## - MEDIA TYPE
Media type term unmediated
Media type code n
Source rdamedia
338 ## - CARRIER TYPE
Carrier type term volume
Carrier type code nc
Source rdacarrier
500 ## - GENERAL NOTE
General note Complements the text: The gendered society.
504 ## - BIBLIOGRAPHY, ETC. NOTE
Bibliography, etc Includes bibliographical references.
650 #0 - SUBJECT ADDED ENTRY--TOPICAL TERM
Topical term or geographic name as entry element Sex role.
650 #0 - SUBJECT ADDED ENTRY--TOPICAL TERM
Topical term or geographic name as entry element Sex differences (Psychology)
650 #0 - SUBJECT ADDED ENTRY--TOPICAL TERM
Topical term or geographic name as entry element Gender identity.
650 #0 - SUBJECT ADDED ENTRY--TOPICAL TERM
Topical term or geographic name as entry element Sex discrimination.
650 #0 - SUBJECT ADDED ENTRY--TOPICAL TERM
Topical term or geographic name as entry element Equality.
700 1# - ADDED ENTRY--PERSONAL NAME
Personal name Kimmel, Michael S.
700 1# - ADDED ENTRY--PERSONAL NAME
Personal name Aronson, Amy.
700 1# - ADDED ENTRY--PERSONAL NAME
Personal name Kimmel, Michael S.
Title of a work Gendered society.
856 41 - ELECTRONIC LOCATION AND ACCESS
Materials specified Table of contents only
Uniform Resource Identifier <a href="http://www.loc.gov/catdir/toc/ecip0724/2007031396.html">http://www.loc.gov/catdir/toc/ecip0724/2007031396.html</a>
906 ## - LOCAL DATA ELEMENT F, LDF (RLIN)
a 7
b cbc
c orignew
d 1
e ecip
f 20
g y-gencatlg
942 ## - ADDED ENTRY ELEMENTS (KOHA)
Source of classification or shelving scheme Dewey Decimal Classification
Koha item type BOOKS
Holdings
Withdrawn status Lost status Source of classification or shelving scheme Damaged status Not for loan Home library Current library Shelving location Date acquired Total Checkouts Full call number Barcode Date last seen Price effective from Koha item type
    Dewey Decimal Classification     Dodoma Dodoma Ground Floor 30/04/2026   305.3 GEN LIB001988 30/04/2026 30/04/2026 BOOKS

IRDP © 2021 :: Managed by ICT Team